It looks like you're offline.
Open Library logo
additional options menu

MARC Record from Library of Congress

Record ID marc_loc_2016/BooksAll.2016.part40.utf8:251970730:2759
Source Library of Congress
Download Link /show-records/marc_loc_2016/BooksAll.2016.part40.utf8:251970730:2759?format=raw

LEADER: 02759cam a2200349 i 4500
001 2013038952
003 DLC
005 20140701081828.0
008 130925t20142014enk b 001 0 eng
010 $a 2013038952
020 $a9780199360079 (hardback : acid-free paper)
020 $a0199360073 (hardback : acid-free paper)
040 $aDLC$beng$cDLC$erda$dDLC
042 $apcc
050 00 $aBL1210$b.D66 2014
082 00 $a294.5$223
084 $aREL032000$aHIS017000$2bisacsh
100 1 $aDoniger, Wendy.
240 10 $aEssays.$kSelections
245 10 $aOn Hinduism /$cWendy Doniger.
264 1 $aOxford ;$aNew York :$bOxford University Press,$c[2014]
264 4 $c©2014
300 $axx, 660 pages ;$c25 cm
336 $atext$2rdacontent
337 $aunmediated$2rdamedia
338 $avolume$2rdacarrier
504 $aIncludes bibliographical references (pages 627-648) and index.
505 2 $aOn being Hindu -- Gods, humans, and anti-gods -- Women and other genders -- Kama and other seductions -- Horses and other animals -- Illusion and reality in the Hindu epics -- On not being Hindu.
520 $a"In this magisterial volume of essays, Wendy Doniger enhances our understanding of the ancient and complex religion to which she has devoted herself for half a century. This series of interconnected essays and lectures surveys the most critically important and hotly contested issues in Hinduism over 3,500 years, from the ancient time of the Vedas to the present day. The essays contemplate the nature of Hinduism; Hindu concepts of divinity; attitudes concerning gender, control, and desire; the question of reality and illusion; and the impermanent and the eternal in the two great Sanskrit epics, the Ramayana and the Mahabharata. Among the questions Doniger considers are: Are Hindus monotheists or polytheists? How can atheists be Hindu, and how can unrepentant Hindu sinners find salvation? Why have Hindus devoted so much attention to the psychology of addiction? What does the significance of dogs and cows tell us about Hinduism? How have Hindu concepts of death, rebirth, and karma changed over the course of history? How and why does a pluralistic faith, remarkable for its intellectual tolerance, foster religious intolerance? Doniger concludes with four concise autobiographical essays in which she reflects on her lifetime of scholarship, Hindu criticism of her work, and the influence of Hinduism on her own philosophy of life. On Hinduism is the culmination of over forty years of scholarship from a renowned expert on one of the world's great faiths"--$cProvided by publisher.
650 0 $aHinduism.
650 7 $aRELIGION / Hinduism / General.$2bisacsh
650 7 $aHISTORY / Asia / India & South Asia.$2bisacsh